El libro para conseguir un trabajo mejor
Saved in:
| Main Authors: | , |
|---|---|
| Format: | Bog |
| Sprog: | spansk |
| Udgivet: |
Madrid
Díaz de Santos
2004
|
| Fag: | |
| Tags: |
Tilføj Tag
Ingen Tags, Vær først til at tagge denne postø!
|
MARC
| LEADER | 00000nam a2200000 a 4500 | ||
|---|---|---|---|
| 001 | UCK6443 | ||
| 003 | CL-VaPUC | ||
| 008 | 050930e20040000SP |||||||||||||||||spa|d | ||
| 020 | |a 8479786388 | ||
| 082 | 0 | 4 | |a 650.14 |b PUC |2 21 |
| 100 | 0 | |a Puchol, Luis |e author |9 495758 | |
| 700 | 0 | |a Puchol, Isabel |e author |9 495759 | |
| 245 | 1 | 3 | |a El libro para conseguir un trabajo mejor |
| 300 | |a 215 p | ||
| 942 | |c BK | ||
| 945 | |d 20050930 00:00:00 |a jcarroza | ||
| 260 | |a Madrid |b Díaz de Santos |c 2004 | ||
| 650 | 0 | |a Trabajo |9 313876 | |
| 650 | 0 | |a Entrevistas |9 265537 | |
| 650 | 7 | |a PUESTOS DE TRABAJO |2 CL-VaPUC |9 374831 | |
| 650 | 0 | |a Empleo |9 339124 | |
| 650 | 0 | |a Selección de personal |9 307100 | |
| 583 | |a last modification |c 20050930 00:00:00 |k Rodrigo Vera | ||
| 999 | |c 314730 |d 314728 | ||
| 952 | |0 0 |1 0 |4 0 |6 650_140000000000000_PUC_2004 |7 0 |8 A |9 387438 |a BIBEDU |b BIBEDU |d 2019-11-22 |i 4155610 |o 650.14 PUC 2004 |p 4155610 |r 2019-11-22 |w 2019-11-22 |y BK |k EPE | ||